[Event "ch-AUT Qualifier"]
[Site "Gmunden AUT"]
[Date "2005.08.15"]
[Round "3"]
[White "Neuschmied,S"]
[Black "Egger,M"]
[Result "1-0"]
[WhiteElo "2220"]
[BlackElo "2054"]

1.e4 g6 2.d4 Bg7 3.Nc3 c6 4.Nf3 d5 5.h3 Nh6 6.Bf4 f6 7.exd5 cxd5 8.Bxb8 Rxb8
9.Bb5+ Bd7 10.Qe2 a6 11.Bd3 Bc8 12.O-O-O b5 13.Kb1 Nf7 14.Rhe1 e6 15.h4 Qd6
16.Nd2 Qf4 17.Nxd5 Qd6 18.Nc3 Bd7 19.d5 e5 20.Nde4 Qb6 21.Qe3 Bf8 22.Qxb6 Rxb6
23.f3 Be7 24.g3 b4 25.Ne2 f5 26.Nd2 Nd6 27.Nc1 Bf6 28.Nc4 Nxc4 29.Bxc4 Ke7
30.d6+ Rxd6 31.Rxd6 Kxd6 32.Bxa6 Bc6 33.Be2 e4 34.Rd1+ Kc7 35.fxe4 fxe4 36.Rf1 Be5
37.g4 Bd5 38.Nb3 Ra8 39.Rd1 Bc6 40.Nc5 Bg3 41.Na6+ Kb6 42.Nxb4 Bb7 43.h5 Rf8
44.Rf1 Bf2 45.c4 Kc5 46.Nd5 gxh5 47.gxh5 Bc8 48.b4+ Kd4 49.Rd1+ Ke5 50.Kc2 Bd4
51.Rf1 Bf2 52.a4 Bh3 53.Rb1 Bd4 54.Rb3 Bd7 55.b5 Rf2 56.Kd1 Rg2 57.a5 Rg1+
58.Kd2 Rg2 59.Ne3 Bxe3+ 60.Rxe3 Kd4 61.a6 Rg1 62.Ra3 Rb1 63.a7 Bf5 64.a8=Q e3+
65.Rxe3 Rb2+ 66.Ke1  1-0

[Event "14th Open"]
[Site "Kavala GRE"]
[Date "2005.08.15"]
[Round "5"]
[White "Simeonidis,I"]
[Black "Skembris,S"]
[Result "0-1"]
[WhiteElo "2246"]
[BlackElo "2436"]

1.d4 g6 2.e4 Bg7 3.Nc3 c6 4.Nf3 d6 5.Be3 Nd7 6.Qd2 b5 7.Bd3 Qc7 8.O-O Ngf6
9.Bh6 O-O 10.Bxg7 Kxg7 11.Rfe1 e5 12.a4 b4 13.Ne2 c5 14.dxe5 Nxe5 15.Nxe5 dxe5
16.Ng3 c4 17.Bf1 a5 18.Rad1 Be6 19.Qd6 Rfc8 20.f3 Nd7 21.c3 Qc5+ 22.Kh1 Qxd6
23.Rxd6 Nc5 24.Ra1 Rab8  0-1

[Event "14th Open"]
[Site "Kavala GRE"]
[Date "2005.08.16"]
[Round "6"]
[White "Hadzimanolis,A"]
[Black "Svetushkin,D"]
[Result "0-1"]
[WhiteElo "2317"]
[BlackElo "2514"]

1.e4 g6 2.d4 Bg7 3.Nc3 c6 4.f4 d5 5.e5 Qb6 6.Nf3 Bg4 7.Be2 Nh6 8.O-O Nf5
9.Na4 Qc7 10.h3 Bxf3 11.Rxf3 e6 12.g4 Ne7 13.b3 h5 14.Be3 Nd7 15.c4 hxg4
16.hxg4 O-O-O 17.Bf1 g5 18.Qe2 Rh4 19.Rh3 Rxh3 20.Bxh3 gxf4 21.Bxf4 f6 22.Bh2 fxe5
23.Rf1 Rg8 24.g5 Nf5 25.Bxf5 exf5 26.Rxf5 Qd6 27.cxd5 Qxd5 28.dxe5 Re8 29.Qc4 Qd1+
30.Rf1 Qh5 31.e6 Qxg5+ 32.Kh1 Ne5 33.Qd4 Rh8 34.Qf4 Qe7 35.Kg1 Qxe6 36.Qf5 Qxf5
37.Rxf5 Nd3 38.Kg2 Bd4 39.Bd6 Re8 40.Rf7 b5 41.Rc7+ Kd8 42.Rxc6 Kd7 43.Ra6 Re6
44.Ra5 a6 45.Bg3 Bf6  0-1

[Event "Masters"]
[Site "Abu Dhabi UAE"]
[Date "2005.08.17"]
[Round "4"]
[White "Paridar,S"]
[Black "Simonenko,S"]
[Result "1/2-1/2"]
[WhiteElo "2263"]
[BlackElo "2431"]

1.e4 g6 2.d4 Bg7 3.Nc3 c6 4.Bc4 d6 5.Qf3 e6 6.Nge2 b5 7.Bb3 a5 8.a3 Ba6 9.d5 cxd5
10.exd5 e5 11.Ne4 h6 12.g4 Nf6 13.Rg1 Nxe4 14.Qxe4 Nd7 15.Qe3 O-O 16.Qh3 g5
17.Ng3 e4 18.Bd2 a4 19.Ba2 Bxb2 20.Nf5 Bxa1 21.Nxh6+ Kg7 22.Nf5+ Kg8 23.Nh6+ Kg7
24.Nf5+ Kg8  1/2-1/2

[Event "14th Open"]
[Site "Kavala GRE"]
[Date "2005.08.17"]
[Round "7"]
[White "Kotronias,V"]
[Black "Skembris,S"]
[Result "0-1"]
[WhiteElo "2587"]
[BlackElo "2436"]

1.e4 g6 2.d4 Bg7 3.Nc3 c6 4.Bc4 d6 5.Qf3 e6 6.Nge2 Nd7 7.Bb3 Qe7 8.O-O Ngf6
9.Bg5 e5 10.Rad1 h6 11.Be3 O-O 12.Qg3 Kh7 13.Qh4 Re8 14.Bg5 Qf8 15.dxe5 dxe5
16.f3 Kg8 17.Be3 Nc5 18.Qf2 Nxb3 19.cxb3 b6 20.a3 Be6 21.b4 Red8 22.g4 Rxd1
23.Rxd1 Rd8 24.Qe1 h5 25.g5 Nh7 26.b5 c5 27.Nd5 Rd7 28.Qg3 Qd8 29.Nec3 Nf8
30.a4 Rd6 31.a5 Bc8 32.f4 exf4 33.Bxf4 Rd7 34.axb6 axb6 35.h4 Qe8 36.Bd6 Bb7
37.Nf6+ Bxf6 38.gxf6 Nh7 39.e5 Qe6 40.Rd2 Nf8 41.Re2 Qc4 42.Rf2 Ne6 43.Kh2 Rd8
44.b3 Qxb3 45.Be7 Rd4 46.Ra2 Qc4  0-1

[Event "ch-AUT Qualifier"]
[Site "Gmunden AUT"]
[Date "2005.08.19"]
[Round "7"]
[White "Sandhu,M"]
[Black "Neuschmied,S"]
[Result "1/2-1/2"]
[WhiteElo "2291"]
[BlackElo "2220"]

1.e4 g6 2.d4 Bg7 3.Nc3 c6 4.Be3 d6 5.Qd2 b5 6.Bd3 a6 7.Nce2 d5 8.e5 Bf5 9.Bxf5 gxf5
10.Ng3 e6 11.Bg5 f6 12.Nh5 fxg5 13.Nxg7+ Kf7 14.Nh5 Nd7 15.h4 h6 16.Nh3 gxh4
17.O-O-O Ne7 18.N3f4 Ng6 19.Nxg6 Kxg6 20.Nf4+ Kf7 21.Rh3 c5 22.Kb1 cxd4 23.Qxd4 Qb6
24.Qxb6 Nxb6 25.Rxh4 Rac8 26.b3 Nd7 27.Rdh1 Nxe5 28.Re1 Kf6 29.Nh5+ Kg5 30.Rh3 Ng6
31.f4+ Kg4 32.Ree3 Nh4 33.Nf6+ Kxf4 34.Rxe6 Nxg2 35.Nxd5+ Kg4 36.Rh1 Rc5
37.Nb4 f4 38.Nd3 Rg5 39.Rhxh6 Rxh6 40.Rxh6 a5 41.Rf6 b4 42.a3 bxa3 43.Ka2 Kg3
44.c4 f3 45.c5 Ne3 46.Kxa3 Ng4 47.Rf8 Ne5 48.Nxe5 Rxe5 49.b4 f2 50.Rxf2 Kxf2
51.c6 Rb5 52.Ka4  1/2-1/2

[Event "ch-AUT Qualifier"]
[Site "Gmunden AUT"]
[Date "2005.08.19"]
[Round "7"]
[White "Koffler,D"]
[Black "Egger,M"]
[Result "1/2-1/2"]
[WhiteElo "2106"]
[BlackElo "2054"]

1.e4 g6 2.d4 Bg7 3.Nc3 c6 4.Nf3 d5 5.h3 Nh6 6.Bd3 O-O 7.Qe2 f6 8.exd5 Nf7
9.dxc6 Nxc6 10.d5 Nb4 11.Bc4 f5 12.O-O Bxc3 13.bxc3 Nxd5 14.Rd1 e6 15.Bxd5 exd5
16.Qb5 a6 17.Qxd5 Qxd5 18.Rxd5 Be6 19.Rd4 Rac8 20.Bb2 Rfd8 21.a3 Bd5 22.Rad1 Bxf3
23.gxf3 Rxd4 24.Rxd4 Ne5 25.Kg2 Rc7 26.Kg3 Kf7 27.a4  1/2-1/2

[Event "ch-AUT Qualifier"]
[Site "Gmunden AUT"]
[Date "2005.08.20"]
[Round "8"]
[White "Breneis,L"]
[Black "Egger,M"]
[Result "1/2-1/2"]
[WhiteElo "2090"]
[BlackElo "2054"]

1.e4 g6 2.d4 Bg7 3.Nc3 c6 4.Nf3 d5 5.h3 Nh6 6.Bf4 f6 7.exd5 cxd5 8.Nb5 O-O
9.Nc7 e5 10.Bxh6 Bxh6 11.Nxa8 e4 12.Nh2 f5 13.Be2 Nc6 14.O-O Be6 15.f4 Qxa8
16.c3 Qb8 17.Qd2 Qd8 18.Qe1 Kh8 19.Qf2 g5 20.g3 Qf6 21.Kh1 Ne7 22.Bh5 Rg8
23.fxg5  1/2-1/2

[Event "2nd Dato' Arthur Tan Malaysian Open"]
[Site "Kuala Lumpur MAS"]
[Date "2005.08.20"]
[Round "2"]
[White "Wan Khye Theng"]
[Black "Jones,B"]
[Result "1/2-1/2"]
[WhiteElo "1911"]
[BlackElo "2173"]

1.e4 g6 2.d4 Bg7 3.Nc3 c6 4.f4 d5 5.e5 h5 6.Nf3 Nh6 7.Be3 Bg4 8.h3 Nf5 9.Bf2 Bxf3
10.Qxf3 h4 11.Bd3 e6 12.O-O Bf8 13.Ne2 Be7 14.b3 Nd7 15.c4 Kf8 16.Rfc1 Kg7
17.a3 a5 18.Nc3 Qf8 19.c5 f6 20.Rf1 Kf7 21.Qe2 Qh6 22.Rae1 fxe5 23.fxe5 Bg5
24.Be3 Ke7 25.Bxf5 gxf5 26.Bxg5+ Qxg5 27.Qe3 Rag8 28.Qxg5+ Rxg5 29.Re3 Rhg8
30.Rf2 Nf8 31.Ne2 Ng6 32.Ref3 Kf7 33.Kf1 b6 34.Rc3 Rb8 35.Rff3 b5 36.Rcd3 Rh8
37.Rc3 Kg7 38.Rcd3 Kh6 39.Nf4 Nxf4 40.Rxf4 Kh5 41.Rdf3 Rhg8 42.Rf2 Rg3 43.R4f3 R8g5
44.Rxg3 Rxg3 45.Rf3 Rxf3+ 46.gxf3 Kg5 47.Ke2  1/2-1/2

[Event "41st Rubinstein Mem Open A"]
[Site "Polanica Zdroj POL"]
[Date "2005.08.21"]
[Round "3"]
[White "Krupa,M"]
[Black "Mista,A"]
[Result "0-1"]
[WhiteElo "2275"]
[BlackElo "2474"]

1.e4 g6 2.d4 Bg7 3.Nc3 c6 4.Nf3 d6 5.Be3 b5 6.Bd3 Qc7 7.Qd2 Nd7 8.O-O Ngf6
9.Bh6 O-O 10.Bxg7 Kxg7 11.h3 e5 12.dxe5 dxe5 13.Qe3 Re8 14.Rad1 Bb7 15.Nb1 Qb6
16.Rfe1 c5 17.c4 b4 18.Bc2 Nf8 19.Ba4 Re7 20.Nbd2 Qc7 21.Qg5 h6 22.Qg3 Rd8
23.Nh4 Kh7 24.Qf3 Ng8 25.Nf1 Rd4 26.Rxd4 cxd4 27.Qe2 Ne6 28.Nf3 Nf4 29.Qd2 a5
30.c5 Qxc5 31.Rc1  0-1

[Event "2nd Dato' Arthur Tan Malaysian Open"]
[Site "Kuala Lumpur MAS"]
[Date "2005.08.22"]
[Round "5"]
[White "Mendoza,B"]
[Black "Noguchi,K"]
[Result "1-0"]
[WhiteElo "2140"]
[BlackElo "1832"]

1.e4 g6 2.d4 Bg7 3.Nc3 c6 4.Bc4 d6 5.Nf3 Nf6 6.Qe2 O-O 7.e5 dxe5 8.dxe5 Nd5
9.Bd2 Be6 10.O-O-O Nxc3 11.Bxc3 Qc8 12.Ng5 Bxc4 13.Qxc4 Qf5 14.f4 h6 15.Nh3 Na6
16.Rhe1 Nc7 17.Qd3 Qxd3 18.Rxd3 Rfd8 19.Red1 Ne6 20.Rd7 Rab8 21.Rxe7 Bf8
22.Rxd8 Rxd8 23.Rxb7 Bc5 24.b4 Be3+ 25.Kb2 Nxf4 26.Nxf4 Bxf4 27.Rxa7 Bxh2
28.e6 fxe6 29.Rg7+ Kf8 30.Rxg6 c5 31.Rxh6 Bd6 32.Rh8+ Ke7  1-0

[Event "Masters"]
[Site "Abu Dhabi UAE"]
[Date "2005.08.23"]
[Round "9"]
[White "Toufighi,H"]
[Black "Bogza,A"]
[Result "1-0"]
[WhiteElo "2170"]
[BlackElo "2325"]

1.e4 g6 2.d4 Bg7 3.Nc3 c6 4.Bc4 d6 5.a4 Nf6 6.Nf3 O-O 7.Bb3 Bg4 8.O-O Nbd7
9.Be3 e5 10.h3 Bxf3 11.Qxf3 Qe7 12.a5 exd4 13.Bxd4 a6 14.Rfe1 Ne5 15.Qe3 Rfe8
16.Rad1 Ned7 17.f4 c5 18.Bxf6 Nxf6 19.e5 dxe5 20.fxe5 Nh5 21.Rd5 Rad8 22.Qf3 c4
23.Bxc4 Qc7 24.Rxd8 Rxd8 25.Bb3 Bxe5 26.Qxf7+ Qxf7 27.Bxf7+ Kxf7 28.Rxe5 Nf6
29.Kf2 Rd2+ 30.Re2 Rd7 31.Ke1 g5 32.Na4 Rc7 33.Nb6 h5 34.Rf2 Re7+ 35.Kd1 Re4
36.Kd2 Rd4+ 37.Ke3 Rd1 38.Ke2 Rd8 39.Na4 Kg6 40.Nc5 Rc8 41.b4 Nd5 42.c3 Nxc3+
43.Kd3 Nd5 44.Kc4 Nf6 45.Re2 Kf7 46.Re5 g4 47.b5 gxh3 48.gxh3 h4 49.Kb4 axb5
50.Kxb5 Rc7 51.Kb6 Nd7+ 52.Kxc7 Nxe5 53.Nxb7 Nd3 54.a6 Nb4 55.a7 Nd5+ 56.Kc6 Ne7+
57.Kc5  1-0

[Event "41st Rubinstein Mem Open A"]
[Site "Polanica Zdroj POL"]
[Date "2005.08.23"]
[Round "5"]
[White "Pakleza,Z"]
[Black "Gumula,D"]
[Result "1-0"]
[WhiteElo "2419"]
[BlackElo "2287"]

1.d4 g6 2.e4 Bg7 3.Nc3 c6 4.Nf3 d5 5.Be2 Bg4 6.Be3 e6 7.Qd2 Bxf3 8.Bxf3 Nd7
9.Rd1 f5 10.e5 Ne7 11.Ne2 Kf7 12.h4 h6 13.g4 c5 14.c3 cxd4 15.cxd4 Bxe5 16.dxe5 Nxe5
17.Bg2 Nxg4 18.Bd4 Rh7 19.f3 Nf6 20.Bxf6 Kxf6 21.f4 Nc6 22.Qc3+ Kf7 23.Rc1 Qf6
24.Kf2 Rd8 25.a3 Rg7 26.b4 a6 27.Rh3 Qxc3 28.Rhxc3 Kf6 29.Bf1 Rd6 30.Ng3 Re7
31.Rd1 g5 32.b5 axb5 33.Bxb5 Na7 34.Bd3 Rc6 35.Rb3 gxf4 36.Nh5+ Ke5 37.Re1+ Kd4
38.Nxf4 e5 39.Bxf5 e4 40.Rd1+ Kc4 41.Rb4+  1-0

[Event "41st Rubinstein Mem Open A"]
[Site "Polanica Zdroj POL"]
[Date "2005.08.23"]
[Round "5"]
[White "Czarnota,P"]
[Black "Mista,A"]
[Result "1-0"]
[WhiteElo "2461"]
[BlackElo "2474"]

1.e4 g6 2.d4 Bg7 3.Nc3 c6 4.f4 d5 5.e5 Qb6 6.Na4 Qc7 7.Be3 Nh6 8.Nf3 Bg4
9.Qd2 f6 10.Nh4 Nd7 11.h3 Be6 12.g4 fxe5 13.fxe5 Nf7 14.Ng2 O-O 15.Nf4 Ng5
16.O-O-O b5 17.Nc3 b4 18.Na4 Qa5 19.b3 Nb6 20.Nc5 Qxa2 21.Qxb4 Bh6 22.Qc3 Rxf4
23.Qb2 Qxb2+ 24.Kxb2 Rxf1 25.Rdxf1 Bc8 26.Rh2 Nf7 27.Bxh6 Nxh6 28.Rhf2 Nd7
29.Ne6 Ba6 30.Ra1 Bb7 31.Nc7 Rc8 32.Ne6 a6 33.Raf1 Re8 34.Rf4 g5 35.R4f3 Bc8
36.b4 Kh8 37.Nxg5 Nb6 38.Kc3 Kg7 39.Rf4 Na8 40.Nf7 Be6 41.Nxh6 Kxh6 42.Rf8 Rxf8
43.Rxf8 Nc7 44.Rb8 Kg7 45.Rb6 h5 46.g5 Nb5+ 47.Kd3 Bf5+ 48.Ke3 Na3 49.Kf4 Bxc2
50.Rxc6 Be4 51.Rxa6 Nc2 52.b5 Bd3 53.Ra2 Nxd4 54.Ke3 Bxb5 55.Kxd4 Bf1 56.Ra3 e6
57.Rf3 Ba6 58.Rf6 Bc8 59.h4 Kh7 60.Rf8  1-0

[Event "13th Open"]
[Site "Nikaia GRE"]
[Date "2005.08.24"]
[Round "2"]
[White "Ponirakis,D"]
[Black "Svetushkin,D"]
[Result "0-1"]
[WhiteElo "1991"]
[BlackElo "2514"]

1.e4 g6 2.d4 Bg7 3.Nc3 c6 4.Be3 Qb6 5.Rb1 d6 6.Nf3 Qc7 7.Bd3 Nd7 8.O-O Ngf6
9.h3 O-O 10.Re1 e5 11.dxe5 dxe5 12.Qe2 b5 13.b4 Bb7 14.Nd2 Nh5 15.g3 Nf4
16.Qf1 a6 17.Nb3 Ne6 18.Ne2 c5 19.Nxc5 Ndxc5 20.bxc5 Nxc5 21.f3 f5 22.Qf2 Nxd3
23.cxd3 fxe4 24.Rbc1 Qd7 25.f4 exd3  0-1

[Event "13th Open"]
[Site "Nikaia GRE"]
[Date "2005.08.25"]
[Round "4"]
[White "Sigalas,F"]
[Black "Svetushkin,D"]
[Result "0-1"]
[WhiteElo "2248"]
[BlackElo "2514"]

1.e4 g6 2.d4 Bg7 3.Nc3 c6 4.Nf3 d6 5.Be2 Nf6 6.O-O O-O 7.a4 Nbd7 8.Be3 b6
9.Nd2 Bb7 10.f4 e5 11.dxe5 dxe5 12.f5 Qe7 13.Qe1 Ne8 14.Qg3 Nd6 15.Rad1 Kh8
16.Rf2 Rad8 17.Rdf1 gxf5 18.exf5 Rg8 19.Qh3 c5 20.g3 Bf6 21.Bf3 e4 22.Bg2 Ne5
23.Re1 Ng4 24.Rff1 Nxe3  0-1

[Event "41st Rubinstein Mem Open A"]
[Site "Polanica Zdroj POL"]
[Date "2005.08.27"]
[Round "9"]
[White "Owczarzak,J"]
[Black "Mista,A"]
[Result "1/2-1/2"]
[WhiteElo "2368"]
[BlackElo "2474"]

1.e4 g6 2.d4 Bg7 3.Nc3 c6 4.Bc4 d6 5.Qf3 e6 6.Nge2 b5 7.Bb3 Qc7 8.a3 a6 9.Bf4 Nd7
10.O-O Ngf6 11.h3 e5 12.dxe5 dxe5 13.Bg5 h6 14.Be3 Bb7 15.Rad1 a5 16.Rfe1 O-O
17.g4 b4 18.axb4 axb4 19.Nb1 c5 20.Nd2 c4 21.Bxc4 Nxe4 22.Nxe4 Qxc4 23.Nd6 Bxf3
24.Nxc4 Rac8 25.b3 Nb8 26.Rd6 Kh7 27.Nc1 f5 28.g5 f4 29.gxh6 Kxh6 30.Bd2 Nc6
31.Nd3 Bh5 32.Ncxe5 Nxe5 33.Nxe5 Rxc2 34.Bxb4 Rf5 35.Rd2  1/2-1/2

[Event "41st Rubinstein Mem Open A"]
[Site "Polanica Zdroj POL"]
[Date "2005.08.27"]
[Round "9"]
[White "Bindrich,F"]
[Black "Gumula,D"]
[Result "1/2-1/2"]
[WhiteElo "2391"]
[BlackElo "2287"]

1.e4 g6 2.d4 Bg7 3.Nc3 c6 4.f4 d5 5.e5 h5 6.Nf3 Nh6 7.Be2 Bg4 8.Be3 Nd7 9.Bf2 Bxf3
10.Bxf3 Nf5 11.Ne2 e6 12.g3 Qe7 13.Qd2 Bh6 14.Qc3 Rc8 15.h3 Bf8 16.O-O-O Nb6
17.Kb1 Nc4 18.Nc1 Qd8 19.g4 Ng7 20.Nb3 a5 21.a3 b5 22.Nc5 b4 23.axb4 axb4
24.Qxb4 Nxb2 25.Qxb2 Bxc5 26.Rd3 Be7 27.Rb3 Qa5 28.Qa2 Qxa2+ 29.Kxa2 g5 30.fxg5 hxg4
31.hxg4 Rxh1 32.Bxh1 Bxg5 33.Rb7 Kf8 34.Bf3 Ne8 35.Kb3 f6 36.exf6 Nxf6 37.Bg3 Kg8
38.Be5 c5 39.dxc5 Rxc5 40.Be2 Rc8 41.Bd3 Rd8 42.Re7 Re8 43.Rc7 Rd8 44.Re7 Re8
45.Bxf6 Rxe7 46.Bxe7 Bxe7 47.c4  1/2-1/2

[Event "4th Open"]
[Site "Lahijan IRI"]
[Date "2005.08.30"]
[Round "7"]
[White "Pashikian,A"]
[Black "Ghanbari,R"]
[Result "1-0"]
[WhiteElo "2442"]
[BlackElo "2240"]

1.e4 g6 2.d4 Bg7 3.Nc3 c6 4.h3 d6 5.Nf3 Nd7 6.Be3 a6 7.Bd3 b5 8.O-O e5 9.a4 b4
10.Ne2 a5 11.dxe5 dxe5 12.c3 bxc3 13.Nxc3 Ngf6 14.Bc4 Qe7 15.Qc2 O-O 16.Rfd1 Nh5
17.Rac1 Nf4 18.Ne2 Rb8 19.Bd2 Qf6 20.Nxf4 exf4 21.Bc3 Qe7 22.Bxg7 Kxg7 23.Qc3+ Kg8
24.Qxa5 Rxb2 25.Qc7 Qa3 26.Qxc6 Nb6 27.Bb5 Nd7 28.Qc7 Nf6 29.Qxf4 Nh5 30.Qh6 f5
31.Rc7  1-0

[Event "4th Open"]
[Site "Lahijan IRI"]
[Date "2005.08.30"]
[Round "7"]
[White "Mamedov,Rau"]
[Black "Abbasov,F"]
[Result "1/2-1/2"]
[WhiteElo "2521"]
[BlackElo "2451"]

1.e4 g6 2.d4 Bg7 3.Nc3 c6 4.Bc4 d6 5.Qf3 e6 6.Nge2 Nd7 7.Bb3 a6 8.Qg3 Qc7
9.Bf4 e5 10.dxe5 dxe5 11.Be3 Ngf6 12.a4 b6 13.O-O O-O 14.Qh4  1/2-1/2

[Event "Paul Keres Mem B"]
[Site "Tallinn EST"]
[Date "2005.09.01"]
[Round "4"]
[White "Shlykov,V"]
[Black "Shvyrjov,I"]
[Result "0-1"]
[WhiteElo "2213"]
[BlackElo "2476"]

1.e4 c6 2.d4 g6 3.Nc3 Bg7 4.Bc4 d5 5.exd5 b5 6.Bb3 b4 7.Na4 cxd5 8.Nc5 Nf6
9.Nf3 O-O 10.Ne5 Na6 11.Ncd3 Qb6 12.O-O Nc7 13.Nc5 Ne6 14.Nxe6 Bxe6 15.a3 a5
16.axb4 axb4 17.Rxa8 Rxa8 18.Be3 Ne4 19.h4 Nd6 20.Qf3 Ra5 21.h5 Nf5 22.g4 Nxe3
23.fxe3 f6 24.Nd3 Qd6 25.Kg2 Bf7 26.g5 gxh5 27.gxf6 exf6 28.Nf4 Bh6 29.Qg3+ Bg5
30.Qh3 h4 31.Qf5 Kg7 32.e4 Bg6 33.e5 Bxf5 34.exd6 Be4+ 35.Kh2 Kf7 36.d7 Ke7
37.Nh5 Kxd7 38.Nxf6+ Bxf6 39.Rxf6 Ra1 40.Kh3 Rh1+ 41.Kg4 h3 42.Kg3 Ke7 43.Rh6 Rd1
44.Rxh3 Rxd4 45.Rh6 Bg6 46.Kf3 Kf6 47.Ke3 Ke5 48.Rh1 Re4+ 49.Kf2 Rf4+ 50.Kg3 Rf6
51.Rh4 Be4 52.Rh5+ Kd4 53.Rh2 Ke3 54.Rh5 Rg6+ 55.Kh3 Rg1 56.Rh4 Kf3  0-1

[Event "BDO Masters"]
[Site "Haarlem NED"]
[Date "2005.09.03"]
[Round "8"]
[White "Jonkman,H"]
[Black "Hartoch,R"]
[Result "1-0"]
[WhiteElo "2454"]
[BlackElo "2272"]

1.e4 g6 2.d4 Bg7 3.Nc3 c6 4.h4 d5 5.e5 h5 6.Nge2 Nh6 7.Nf4 Bf5 8.Be2 Na6
9.a3 Nc7 10.f3 Qd7 11.Be3 O-O-O 12.Na4 Kb8 13.Nc5 Qc8 14.a4 f6 15.e6 Nxe6
16.Nfxe6 Bxe6 17.Ra3 Bd7 18.Nxb7 Qxb7 19.Rb3 Qxb3 20.cxb3 Nf5 21.Bf2 e5 22.g4 hxg4
23.fxg4 Nd6 24.Qd2 Ka8 25.Qa5 Nb7 26.Qc7 Bf8 27.Ba6 Bb4+ 28.Kf1 Bc8 29.h5 Na5
30.Bxc8 Rxc8 31.Qg7 exd4 32.Bxd4 c5 33.Bxf6 gxh5 34.Rxh5 Rhe8 35.Rh7  1-0

[Event "Autumn 1"]
[Site "Alushta UKR"]
[Date "2005.09.04"]
[Round "1"]
[White "Aveskulov,V"]
[Black "Kuzmin,Ge"]
[Result "1/2-1/2"]
[WhiteElo "2450"]
[BlackElo "2514"]

1.e4 g6 2.d4 Bg7 3.Nc3 c6 4.Bc4 d6 5.Qf3 e6 6.Nge2 Nd7 7.O-O Ngf6 8.Bg5 O-O
9.a4 h6 10.Bh4 e5 11.Qe3 exd4 12.Qxd4 d5 13.exd5 Nb6 14.Bb3 g5 15.Bg3 Nfxd5
16.Qc5 Nxc3 17.Nxc3 Bd4 18.Qa3 Bf5 19.Ne2 Bg7 20.a5 Nd5 21.Rad1 Qe7 22.Qxe7 Nxe7
23.Bd6 Rfe8 24.Ng3 Bg6 25.c3 Nf5 26.Bc5 b6 27.Nxf5 Bxf5 28.axb6 axb6 29.Be3 Bf8
30.Ra1 b5 31.h3 Red8 32.Rfd1 Rxa1 33.Rxa1 c5 34.Rd1 Rxd1+  1/2-1/2

[Event "zt 2.3"]
[Site "Guayaquil ECU"]
[Date "2005.09.09"]
[Round "6"]
[White "Santos Flores,A"]
[Black "Fierro Baquero,M"]
[Result "1/2-1/2"]
[WhiteElo "2344"]
[BlackElo "2340"]

1.e4 g6 2.d4 Bg7 3.Nc3 c6 4.Nf3 d5 5.h3 dxe4 6.Nxe4 Nd7 7.Bc4 Ngf6 8.Nxf6+ Nxf6
9.O-O O-O 10.Bf4 b6 11.Re1 Bb7 12.Qe2 e6 13.Rad1 Qe7 14.Bb3 Rfd8 15.Ne5 Nd5
16.Bg3 Rac8 17.c4 Nf6 18.Nf3  1/2-1/2

[Event "EYg16"]
[Site "Herceg Novi SCG"]
[Date "2005.09.15"]
[Round "2"]
[White "Paulet,I"]
[Black "Huseynova,S"]
[Result "1/2-1/2"]
[WhiteElo "2142"]
[BlackElo "2012"]

1.e4 g6 2.d4 Bg7 3.Nc3 c6 4.Bc4 b5 5.Bb3 a5 6.Qf3 e6 7.a4 bxa4 8.Rxa4 Ne7
9.Nge2 O-O 10.Bf4 Ba6 11.O-O Bb5 12.Ra3 Bxe2 13.Nxe2 c5 14.Rd1 cxd4 15.Bd6 Nbc6
16.Ba4 Re8 17.Rad3 Nc8 18.Bxc6 dxc6 19.Bc5 e5 20.c3 Nb6 21.cxd4 Nc4 22.Rc3 Rb8
23.Ba7  1/2-1/2

[Event "ProMoPro Open"]
[Site "Prague CZE"]
[Date "2005.09.15"]
[Round "1"]
[White "Kastner,K"]
[Black "Vokoun,J"]
[Result "0-1"]
[WhiteElo "2026"]
[BlackElo "2326"]

1.e4 g6 2.d4 Bg7 3.Nc3 c6 4.Be3 d5 5.e5 Nh6 6.Qd2 Nf5 7.Bf4 h5 8.Be2 Qb6
9.O-O-O Qa5 10.Kb1 b5 11.Bf3 b4 12.Nce2 Na6 13.h4 e6 14.Bg5 c5 15.dxc5 Nxc5
16.Bf6 Bxf6 17.exf6 Rb8 18.Nd4 Nxd4 19.Qxd4 Qb6 20.Qe5 Nd7 21.Qe2 Kf8 22.g4 hxg4
23.Bxg4 Qd8 24.Nf3 Qxf6 25.h5 gxh5 26.Rxh5 Rxh5 27.Bxh5 Qf4 28.Nd4 Nf6 29.Bf3 Rb6
30.Qd2 Qxd2 31.Rxd2 e5 32.Nb3 d4 33.c3 bxc3 34.bxc3 Bf5+ 35.Kb2 a5 36.a4 Be6
37.Bd1 dxc3+ 38.Kxc3 Ne4+  0-1

[Event "EYg16"]
[Site "Herceg Novi SCG"]
[Date "2005.09.17"]
[Round "4"]
[White "Daulyte,D"]
[Black "Huseynova,S"]
[Result "1-0"]
[WhiteElo "2195"]
[BlackElo "2012"]

1.e4 g6 2.d4 Bg7 3.Nc3 c6 4.Bc4 b5 5.Bb3 a5 6.Qf3 e6 7.a4 b4 8.Nce2 d5 9.e5 Ba6
10.Nh3 Ne7 11.Nhf4 Nd7 12.h4 c5 13.c3 Bxe2 14.Nxe2 c4 15.Bd1 b3 16.h5 Nb6
17.hxg6 hxg6 18.Rxh8+ Bxh8 19.Qh3 Kd7 20.Bg5 Bg7 21.Qf3 Qe8 22.Nf4 Kc7 23.Be2 Bf8
24.Kd2 Nxa4 25.Bxc4 Nxb2 26.Bxb3 Qb8 27.Bxe7 Bxe7 28.Bxd5 exd5 29.Nxd5+ Kd8
30.Nxe7 Kxe7 31.Qf6+ Kf8 32.Rh1 Nc4+ 33.Ke2 Qb2+ 34.Kf3  1-0

[Event "Open"]
[Site "Bucharest ROM"]
[Date "2005.09.22"]
[Round "7"]
[White "Manescu,T"]
[Black "Dumitrache,D"]
[Result "0-1"]
[WhiteElo "2317"]
[BlackElo "2469"]

1.e4 g6 2.d4 Bg7 3.Nc3 c6 4.g3 d5 5.e5 f6 6.exf6 Nxf6 7.Bg2 O-O 8.Nf3 Bg4
9.h3 Bxf3 10.Bxf3 Nbd7 11.Bg2 e5 12.dxe5 Nxe5 13.O-O Nc4 14.b3 Qa5 15.Ne2 Ne4
16.bxc4 Bxa1 17.cxd5 cxd5 18.Bxe4 dxe4 19.Bd2 Qd8 20.Bb4 Bf6 21.Bxf8 Qxd1
22.Rxd1 Rxf8 23.Rb1 Rc8 24.c3 b6 25.Rb4 e3 26.fxe3 Bxc3 27.Nxc3 Rxc3 28.Ra4 a5
29.Kf2 Kf7 30.Kf3 Ke6 31.Rd4 b5 32.Rd2 Ke5 33.Rd7 Ra3 34.Rd2 b4 35.h4 h5
36.Rc2 Rc3 37.Rd2 Rc6 38.Ke2 a4 39.Rb2 Rb6 40.Kd3 b3 41.Kc4 Ke4  0-1

[Event "EYb18"]
[Site "Herceg Novi SCG"]
[Date "2005.09.23"]
[Round "9"]
[White "Luch,M"]
[Black "Heaton,R"]
[Result "1-0"]
[WhiteElo "2414"]
[BlackElo "2098"]

1.e4 g6 2.d4 Bg7 3.Nc3 c6 4.Nf3 d5 5.h3 Nh6 6.Bf4 f6 7.exd5 cxd5 8.Nb5 Na6
9.c4 Be6 10.Nc3 O-O 11.Qb3 dxc4 12.Qxb7 Qc8 13.Qb5 Nc7 14.Qc5 Na6 15.Qb5 Nc7
16.Qa5 Ne8 17.Be2 Nd6 18.Nd5 Qb7 19.Nc7 Qxb2 20.Rc1 g5 21.Bd2 Ne4 22.Nxe6 c3
23.Be3 Rfc8 24.Qd5 Nd2 25.Nc5+ Nf7 26.Nd3 Qa3 27.Nxd2 cxd2+ 28.Bxd2 Rxc1+
29.Nxc1 Rd8 30.Qb3  1-0

[Event "TCh-NED 2005-6"]
[Site "Netherlands NED"]
[Date "2005.09.24"]
[Round "1"]
[White "Nijboer,F"]
[Black "Leenhouts,K"]
[Result "1-0"]
[WhiteElo "2529"]
[BlackElo "2403"]

1.e4 g6 2.d4 Bg7 3.Nc3 c6 4.h3 d5 5.Nf3 Nh6 6.Bf4 f6 7.exd5 cxd5 8.Nb5 O-O
9.c4 Na6 10.cxd5 Qxd5 11.Nc3 Qa5 12.Be2 Nf7 13.O-O Rd8 14.Bc4 g5 15.Bd2 Qc7
16.Qb3 e6 17.Rfe1 Nd6 18.Bxe6+ Bxe6 19.Rxe6 Kh8 20.Rae1 Nf5 21.Qc2  1-0

[Event "2nd Highlands Open A"]
[Site "Havlickuv Brod CZE"]
[Date "2005.09.26"]
[Round "3"]
[White "Havlik,Jan"]
[Black "Vokac,M"]
[Result "0-1"]
[WhiteElo "2185"]
[BlackElo "2441"]

1.e4 g6 2.d4 Bg7 3.Nc3 c6 4.f4 d5 5.e5 h5 6.Bd3 Nh6 7.Nf3 Bf5 8.Be3 Nd7 9.Ne2 e6
10.O-O Bf8 11.Bf2 Be7 12.a4 a6 13.a5 c5 14.dxc5 Nxc5 15.b4 Nxd3 16.cxd3 O-O
17.Bc5 Bxc5+ 18.bxc5 d4 19.Qb3 Rc8 20.Rfc1 Qe7 21.Qc4 Rc7 22.Nfxd4 Rfc8 23.Nxf5 Nxf5
24.d4 Rd8 25.Qc3 Rd5 26.Rd1 Qd8 27.Rac1 Rcd7 28.Qb4 Nxd4 29.Nxd4 Rxd4 30.Rxd4 Rxd4
31.Qxb7 Qxa5 32.h3 Qa3 33.Qb1 Qe3+ 34.Kh1 Qe2 35.c6 Rd2 36.Rg1 Qc4 37.Rc1 Qd5
38.Rg1 Qxc6 39.Qb8+ Kg7 40.Qb4 Qd5 41.Qe7 a5 42.Qa7 Ra2 43.Qe7 a4 44.Qf6+ Kg8
45.Qg5 Rd2 46.f5 Rd3 47.Qh4 exf5 48.Rc1 Rd1+ 49.Rxd1 Qxd1+ 50.Kh2 a3 51.Qc4 Qd7
52.Qb3 Qa7 53.e6 fxe6 54.Qxe6+ Qf7 55.Qc8+ Kh7  0-1

[Event "Belgrade Premier League"]
[Site "Belgrade SCG"]
[Date "2005.10.02"]
[Round "2"]
[White "Stamatovic,A"]
[Black "Popchev,M"]
[Result "0-1"]
[WhiteElo "2224"]
[BlackElo "2457"]

1.e4 g6 2.d4 Bg7 3.Nc3 c6 4.Be3 d5 5.e5 Nh6 6.Qd2 Nf5 7.Bf4 h5 8.Nf3 f6 9.h4 Nd7
10.O-O-O fxe5 11.dxe5 Nc5 12.Ng5 Ne6 13.Nxe6 Bxe6 14.f3 Qa5 15.Bd3 O-O-O
16.a3 Qc7 17.Rde1 c5 18.Bxf5 gxf5 19.Bg5 Rd7 20.Nd1 d4 21.Nf2 c4 22.c3 Rhd8
23.Nh3 dxc3 24.Qxc3 Rd3 25.Qb4 Bxe5 26.Qxe7 Bxb2+ 27.Kxb2 Qb6+ 28.Qb4 Rb3+
29.Ka2 Rxb4 30.Bxd8 Rb2+  0-1

[Event "Open A"]
[Site "Hamburg GER"]
[Date "2005.10.04"]
[Round "4"]
[White "Rohmann,V"]
[Black "Fegebank,F"]
[Result "1-0"]
[WhiteElo "1891"]
[BlackElo "2051"]

1.e4 g6 2.d4 Bg7 3.Nc3 c6 4.a4 d6 5.Bc4 e6 6.Bb3 d5 7.Nf3 Ne7 8.O-O a5 9.Bg5 h6
10.Bh4 O-O 11.Qd2 g5 12.Bg3 dxe4 13.Nxe4 f5 14.Nexg5 hxg5 15.Qxg5 Nd5 16.Qh5 Qe8
17.Qg5 Qe7 18.Qh5 Qf7 19.Qh3 Qg6 20.Ne5 Qh6 21.Bh4 Bf6 22.Qg3+ Qg7 23.Bxd5 exd5
24.Qf4 Bxh4 25.Qxh4 Nd7 26.f4 Nxe5 27.dxe5 Qg4 28.Qh6 Qg7 29.Qh4 Qg4 30.Qe7 Qg7
31.Qd6 Qf7 32.Rf3 Qe6 33.Rg3+ Kf7 34.Qc7+ Bd7 35.Raa3 Rfc8  1-0

[Event "Belgrade Premier League"]
[Site "Belgrade SCG"]
[Date "2005.10.06"]
[Round "6"]
[White "Popovic,Al"]
[Black "Popchev,M"]
[Result "0-1"]
[WhiteElo "2045"]
[BlackElo "2457"]

1.e4 g6 2.d4 Bg7 3.Nc3 c6 4.f4 d6 5.Nf3 Qb6 6.Bc4 Nh6 7.O-O Bg4 8.Kh1 d5
9.exd5 O-O 10.dxc6 Nxc6 11.Nd5 Bxf3 12.Nxb6 Bxd1 13.Nxa8 Bxc2 14.Nc7 Nxd4
15.Nd5 Nhf5 16.Ne3 Be4 17.Nxf5 gxf5 18.a4 Rc8 19.b3 Nxb3 20.Ra3 Nxc1 21.Rxc1 Bd5
22.Rb3 b6 23.a5 bxa5 24.Rb8 Rxb8 25.Bxd5 e6 26.Bc6 Rb4 27.g3 a4 28.Be8 a3  0-1